000 00819nam a2200217 i 4500
001 22144
003 ES-MaACL
005 20230906152630.0
007 t|
008 931119s1850 sp ||||1| spa d
080 _a061.21(461.1)Ateneo(047.32)
110 2 _aAteneo de Madrid.
_91875
245 1 0 _aEstatutos del Ateneo Científico, Literario y Artístico de Madrid.
260 _aMadrid :
_b[s.n.],
_c1850 (
_fImprenta del Colegio de Sordo-Mudos y Ciegos)
300 _a8 p. ;
_c21 cm.
500 _3Al final del texto: Madrid 1º de marzo de 1850
610 2 7 _aAteneo de Madrid-
_vEstatutos y reglamentos.
_91918
610 2 _aAteneo de Madrid-
_vObras digitalizadas.
_91930
852 _aES-MaACL
_jR-3046
_x
856 4 _uhttp://www.ateneodemadrid.net/biblioteca_digital/folletos/Estatutos-1850.pdf
_zVer documento
999 _c22144
_d22144